01877nam a2200325 a 450000100100000000500170001000800410002704000250006808200180009310000230011124501880013426000640032230000390038650000560042559000270048165000440050865000430055265000350059565000640063070000270069470000350072171001100075691000370086695201310090395201310103495201310116595201160129695201220141299900170153400001591720241030114426.0100222s2009 dr ad 000 0 spa d aDO-SdBNPbspacBNPHU a305.42bD812m1 aDuarte, Isis9212310aMujer y política en la República Dominicana :bconsensos y disensos entre las líderes y la ciudadanía /cIsis Duarte, Julia Hasbún ; con la colaboracion de Lalito R. Vargas. aSanto Domingo :bSecretaría de Estado de la Mujer,c2009. a235 p. :bil., gráfcs. ;c26 cm. aIncluye bibliografía y notas al pie de páginas. aInventariado, 2018/MFF 0aMujeres en República Dominicana92066 4aMujeres en el desarrollo social921073 0aMujeres en la política92451 4aMujeresxParticipación políticaxInvestigaciones9358051 aHasbún, Julia9358061 aVargas, Lalito R.ecol.9358071 aRepública Dominicana.bSecretaría de Estado de la Mujer.bEscuela de Capacitación Política935808 aValidado. Control de calidad EMS 001054708DSaGRbGRcHDd2010-02-22iLF1l0o305.42 D812mp15917-30r2020-06-25te. 3w2020-06-25yLFDSZPréstamo en sala 001054708DSaGRbGRcHDd2013-06-21iLF1l0o305.42 D812mp15917-40r2020-06-25te. 4w2020-06-25yLFDSZPréstamo en sala 001054708DSaGRbGRcHDd2013-11-19iLF1l0o305.42 D812mp15917-50r2020-06-25te. 5w2020-06-25yLFDSZPréstamo en sala 0010718PDaPDbPDcHDd2010-02-22iLF1l0o305.42 D812mp15917-10r2020-06-25w2020-06-25yLFPDZNo se presta 0010718PDaPDbPDcHDd2010-02-22iLF1l0o305.42 D812mp15917-20r2020-06-25te. 2w2020-06-25yLFPDZNo se presta c15459d15459